Từ điển hóa học Pháp - Việt

Sách là quyển từ điển giới thiệu cho độc giả về từ và nghĩa trong chuyên ngành hóa học.

Shranjeno v:
Bibliografske podrobnosti
Glavni avtor: Nguyễn, Trọng Biểu
Format: Knjiga
Jezik:Undetermined
Izdano: Hà Nội Khoa học và Kỹ thuật 1984
Teme:
Oznake: Označite
Brez oznak, prvi označite!
Thư viện lưu trữ: Trung tâm Học liệu Trường Đại học Cần Thơ
LEADER 00715nam a2200193Ia 4500
001 CTU_26222
008 210402s9999 xx 000 0 und d
082 |a 540.3 
082 |b B309 
100 |a Nguyễn, Trọng Biểu 
245 0 |a Từ điển hóa học Pháp - Việt 
245 0 |c Nguyễn Trọng Biểu 
260 |a Hà Nội 
260 |b Khoa học và Kỹ thuật 
260 |c 1984 
520 |a Sách là quyển từ điển giới thiệu cho độc giả về từ và nghĩa trong chuyên ngành hóa học. 
650 |a Chemistry,French language,Vietnamese language 
904 |i Minh 
980 |a Trung tâm Học liệu Trường Đại học Cần Thơ